[Event "Mistrzostwa Polski Juniorow do lat 16 - Chlopcy"]
[Site "Ustron – Jaszowiec"]
[Date "1899-12-30"]
[Round "4.16"]
[White "Pytel, Maciej"]
[Black "Marczak, Szymon"]
[Result "1-0"]
[WhiteTitle "I"]
[BlackTitle "I"]
[WhiteElo "1905"]
[BlackElo "1839"]

1. e4 c5 2. Nf3 e6 3. d4 cxd4 4. Nxd4 Nc6 5. Nc3 Qc7 6. Be3 a6 7. Bd3 Nf6 8. O-O
b5 9. Nxc6 Qxc6 10. a3 Bb7 11. f4 Bc5 12. Qe2 Rc8 13. Kh1 Bxe3 14. Qxe3 d5 15.
exd5 Nxd5 16. Nxd5 Qxd5 17. Qh3 g6 18. Rae1 O-O 19. Re5 Qc6 20. Rfe1 Rfd8 21.
Qg3 Rc7 22. h4 h5 23. R1e2 Qb6 24. Kh2 Bc8 25. Rxh5 Rxd3 26. cxd3 Rc1 27. Rf2
Qc6 28. Re5 Rd1 29. Qe3 Bb7 30. h5 Qd6 31. hxg6 Rxd3 32. gxf7+ Kxf7 33. Rxe6 Qd8
34. Re7+ Kf8 35. Re8+ Qxe8 36. Qxd3 Qh5+ 37. Qh3 Qd5 38. Qh6+ Kf7 39. Qg5 Qe4
40. f5 Qe5+ 41. Qf4 Qd5 42. Qg3 Qe4 43. Qg6+ Kf8 44. Qf6+ Kg8 45. Qe7 1-0

[Event "Mistrzostwa Polski Juniorow do lat 16 - Chlopcy"]
[Site "Ustron – Jaszowiec"]
[Date "1899-12-30"]
[Round "4.17"]
[White "Polczyk, Mikolaj"]
[Black "Dytman, Radoslaw"]
[Result "1/2-1/2"]
[WhiteTitle "I"]
[BlackTitle "I"]
[WhiteElo "1889"]
[BlackElo "1521"]

1. e4 e5 2. Nf3 Nc6 3. Bb5 a6 4. Ba4 Nf6 5. O-O b5 6. Bb3 Bc5 7. c3 d6 8. a4 Rb8
9. d4 Bb6 10. a5 Ba7 11. Be3 Ng4 12. Bg5 Qd7 13. h3 Nf6 14. Bxf6 gxf6 15. Nh4
Ne7 16. Qf3 f5 17. dxe5 dxe5 18. Qh5 Rf8 19. Rd1 Qc6 20. exf5 Bb7 21. Na3 Qf6
22. Nc2 Rg8 23. Ne3 Bxe3 24. fxe3 h6 25. Rf1 Rg5 26. Qe2 Rg3 27. Qh5 Rg5 28. Qe2
Rg3 29. Qh5 Rg5 30. Qe2 Rg3 31. Qh5 1/2-1/2

[Event "Mistrzostwa Polski Juniorow do lat 16 - Chlopcy"]
[Site "Ustron – Jaszowiec"]
[Date "1899-12-30"]
[Round "4.18"]
[White "Ochowicz, Jakub"]
[Black "Sloniewski, Michal"]
[Result "1-0"]
[WhiteTitle "I++"]
[BlackTitle "I"]
[WhiteElo "1874"]
[BlackElo "1679"]

1. e4 d5 2. exd5 Nf6 3. d4 Bg4 4. f3 Bf5 5. c4 e6 6. dxe6 Nc6 7. Be3 Bb4+ 8. Nc3
Qe7 9. Qd2 O-O-O 10. Nge2 Bxe6 11. Ng3 Rhe8 12. O-O-O Bxc4 13. Bxc4 Qxe3 14. Qxe3
Rxe3 15. Nf5 Ree8 16. Bxf7 Rf8 17. Be6+ Kb8 18. Nxg7 Nxd4 19. Bc4 Nc6 20. Ne6
Rxd1+ 21. Rxd1 Re8 22. Ng5 Ne5 23. Bb3 c5 24. Nd5 Nxd5 25. Bxd5 h6 26. Ne4 c4
27. Kc2 b5 28. Nc3 Nd3 29. Be4 Nc5 30. Rd5 Rg8 31. g3 Rf8 32. a3 Nxe4 33. Nxe4
Ba5 34. Rxb5+ Bb6 35. f4 Kc7 36. Kc3 Kc6 37. Rh5 Rd8 38. Rxh6+ Kb7 39. Nd6+ Ka6
40. Nxc4 1-0

[Event "Mistrzostwa Polski Juniorow do lat 16 - Chlopcy"]
[Site "Ustron – Jaszowiec"]
[Date "1899-12-30"]
[Round "4.19"]
[White "Filewicz, Radoslaw"]
[Black "Paliwoda, Borys"]
[Result "0-1"]
[WhiteTitle "I"]
[BlackTitle "II+"]
[WhiteElo "1850"]
[BlackElo "1819"]

1. d4 d5 2. c4 dxc4 3. Nc3 Nf6 4. Bf4 a6 5. a4 Nc6 6. e3 Na5 7. Qc2 c6 8. Nf3 b5
9. Be2 Bb7 10. Rd1 e6 11. O-O Nd5 12. Bg3 Be7 13. e4 Nf6 14. Ne5 Nb3 15. d5 exd5
16. exd5 cxd5 17. axb5 Qb6 18. bxa6 Rxa6 19. Bh4 Ra5 20. Qf5 Qe6 21. Qxe6 fxe6
22. Nxc4 dxc4 23. Bxc4 Ba6 24. Bxb3 Bxf1 25. Kxf1 Kf7 26. Re1 Ra6 27. Nb5 Bb4
28. Rc1 Nd5 29. Bg3 Rha8 30. Ke2 Rb6 31. Nd4 Kf6 32. Kf3 g5 33. Ke4 Bd6 34. Nc6
Bxg3 35. fxg3 Rxb3 0-1

[Event "Mistrzostwa Polski Juniorow do lat 16 - Chlopcy"]
[Site "Ustron – Jaszowiec"]
[Date "1899-12-30"]
[Round "4.20"]
[White "Mietkiewicz, Jacek"]
[Black "Posluszny, Tomasz"]
[Result "1/2-1/2"]
[WhiteTitle "I"]
[BlackTitle "I"]
[WhiteElo "1845"]
[BlackElo "1798"]

1. d4 Nf6 2. c4 e6 3. Nc3 Bb4 4. e3 c5 5. Nge2 cxd4 6. exd4 d5 7. a3 Be7 8. Nf4
Nc6 9. Be3 O-O 10. cxd5 exd5 11. Be2 Be6 12. O-O Qd7 13. b4 Rac8 14. Qb3 Rfd8
15. Bf3 Qd6 16. Rfd1 b6 17. h3 Bf8 18. Nfe2 g6 19. Bf4 Qd7 20. Re1 Bg7 21. Rad1
h6 22. Bh2 Nh7 23. Rd2 Ng5 24. Nd1 Nxf3+ 25. Qxf3 g5 26. Ne3 f5 27. Nc2 Rf8 28.
h4 f4 29. Qb3 Qf7 30. hxg5 hxg5 31. Nc1 Bf5 32. Nd3 Rfe8 33. Red1 Rcd8 34. Qc3
Rd6 35. g3 Bg4 36. f3 Bxf3 37. Rf1 Be2 38. Rf2 f3 39. g4 Rde6 40. Nde1 Rf8 41.
b5 Na5 42. Ne3 Qd7 43. Be5 Qxb5 44. Bxg7 Kxg7 45. Nf5+ Kg6 46. Rh2 Nc4 47. Rh6+
Kf7 48. Rh7+ Kg8 49. Rg7+ Kh8 50. Rxg5 Qb1 51. Kf2 Qe4 52. Ng2 Nxd2 53. Qxd2 Rf7
54. Nf4 Rc6 55. Ng6+ Rxg6 56. Rxg6 Rh7 57. Rh6 Qxg4 58. Rxh7+ Kxh7 59. Qh6+ Kg8
60. Qe6+ Kh7 61. Qf7+ Kh8 62. Qf8+ Kh7 63. Qh6+ Kg8 64. Qe6+ Kh7 1/2-1/2

[Event "Mistrzostwa Polski Juniorow do lat 16 - Chlopcy"]
[Site "Ustron – Jaszowiec"]
[Date "1899-12-30"]
[Round "5.1"]
[White "Kowalski, Igor"]
[Black "Pultorak, Jan"]
[Result "0-1"]
[WhiteTitle "k+"]
[BlackTitle "FM"]
[WhiteElo "2231"]
[BlackElo "2302"]

1. d4 Nf6 2. c4 g6 3. Nc3 d5 4. Bf4 Bg7 5. e3 O-O 6. Rc1 c5 7. dxc5 Qa5 8. Nf3
Bg4 9. cxd5 Ne4 10. Qb3 Nd7 11. Nd4 Ndxc5 12. Qb5 Qxb5 13. Ncxb5 Rac8 14. Rc2
g5 15. Bg3 a6 16. Na3 Nxg3 17. hxg3 Bxd4 18. exd4 Nd7 19. Bd3 Nf6 20. Kd2 Bh5
21. Nc4 Rfd8 22. d6 e6 23. f3 b5 24. Ne3 Rxc2+ 25. Nxc2 Bg6 26. g4 Rxd6 27. Re1
Kg7 28. g3 h5 29. Bxg6 Kxg6 30. gxh5+ Nxh5 31. Rg1 f5 32. b3 g4 33. fxg4 fxg4
34. Kc3 Rc6+ 35. Kd3 Kg5 36. Ne3 Rc8 37. Ke4 Rc3 38. Re1 Nxg3+ 39. Ke5 Nf5 40.
Ng2 Rc2 41. Nf4 Nxd4 42. Re4 Nf3+ 43. Kxe6 Rxa2 44. Nd5 g3 45. Nf4 Kg4 46. Kd5
Rd2+ 47. Kc5 Ng5 48. Rb4 a5 0-1

[Event "Mistrzostwa Polski Juniorow do lat 16 - Chlopcy"]
[Site "Ustron – Jaszowiec"]
[Date "1899-12-30"]
[Round "5.2"]
[White "Gumularz, Szymon"]
[Black "Kosakowski, Jakub"]
[Result "1/2-1/2"]
[WhiteTitle "I++"]
[BlackTitle "k+"]
[WhiteElo "2394"]
[BlackElo "2376"]

1. Nf3 Nf6 2. c4 g6 3. Nc3 Bg7 4. e4 d6 5. d4 O-O 6. h3 Na6 7. Be3 Qe8 8. Be2 e5
9. d5 Nh5 10. g3 f5 11. exf5 gxf5 12. Nh4 Nf6 13. Qc2 f4 14. Bd2 e4 15. O-O-O
e3 16. fxe3 fxe3 17. Be1 Nc5 18. Bf3 Nfd7 19. g4 Ne5 20. Be2 Ng6 21. Nxg6 Qxg6
22. b4 Nd7 23. Qxg6 hxg6 24. Nb5 Ne5 25. Nxc7 Rb8 26. Nb5 Bd7 27. Nxd6 Ba4 28.
Bg3 Bxd1 29. Rxd1 a5 30. b5 b6 31. Ne4 Rbc8 32. Bxe5 Bxe5 33. Kc2 Rf4 34. Kd3
Rxc4 35. Kxc4 Rxe4+ 36. Kd3 Ra4 37. Kxe3 Bd6 38. Bd3 Kg7 39. Rf1 Rxa2 40. g5 Bc5+
41. Ke4 1/2-1/2

[Event "Mistrzostwa Polski Juniorow do lat 16 - Chlopcy"]
[Site "Ustron – Jaszowiec"]
[Date "1899-12-30"]
[Round "5.3"]
[White "Lis, Mateusz"]
[Black "Kawalko, Adam"]
[Result "1-0"]
[WhiteTitle "I+"]
[BlackTitle "I"]
[WhiteElo "2022"]
[BlackElo "1814"]

1. e4 c5 2. Nf3 e6 3. d4 cxd4 4. Nxd4 a6 5. Bd3 Qc7 6. O-O Nf6 7. Qe2 d6 8. c4
Nbd7 9. Nc3 Be7 10. Be3 b6 11. Rac1 Bb7 12. f3 Rc8 13. Qf2 O-O 14. Rfd1 Qb8 15.
Bf1 Bd8 16. Kh1 Bc7 17. Qg1 Kh8 18. b4 Rg8 19. Nb3 g5 20. Bd3 Nh5 21. g4 Nf4 22.
Bxf4 gxf4 23. Nd4 Bd8 24. Qf2 Ne5 25. Nce2 Ng6 26. a4 Bc6 27. b5 axb5 28. cxb5
Ba8 29. Rxc8 Qxc8 30. Rc1 Qb8 31. Nc6 Bxc6 32. bxc6 Bc7 33. Qd4+ e5 34. Qc4 Kg7
35. Nc3 Ne7 36. Nd5 Nxd5 37. exd5 Qd8 38. Qe4 Rh8 39. Qf5 Qf6 40. Qd7 Qd8 41.
Bf5 Re8 42. Kg2 h6 43. Be6 Qe7 44. Bf5 Kf6 45. h4 Kg7 46. Rh1 Kf8 47. g5 h5 48.
Rb1 Rd8 49. Qxe7+ Kxe7 50. a5 Rb8 51. a6 Ra8 52. Ra1 Ra7 53. g6 Kf6 54. gxf7 Kxf7
55. Bc8 Kg6 56. Kf2 Bd8 57. Rg1+ Kh7 58. Ke2 Bxh4 59. Rh1 Bd8 60. Rxh5+ Kg7 61.
Bb7 Bc7 62. Kd3 b5 63. Rh1 b4 64. Rb1 Kf7 65. Rxb4 Ke7 66. Rb1 Kd8 67. Rh1 Ba5
68. Kc4 Kc7 69. Kb5 Bd2 70. Rh8 1-0

[Event "Mistrzostwa Polski Juniorow do lat 16 - Chlopcy"]
[Site "Ustron – Jaszowiec"]
[Date "1899-12-30"]
[Round "5.4"]
[White "Psyk, Radoslaw"]
[Black "Szpar, Milosz"]
[Result "0-1"]
[WhiteTitle "k"]
[BlackTitle "k"]
[WhiteElo "2160"]
[BlackElo "2237"]

1. c4 c5 2. Nc3 Nc6 3. g3 g6 4. b3 Bg7 5. Bb2 d6 6. Bg2 Nf6 7. e3 Bg4 8. f3 Bd7
9. Nge2 O-O 10. O-O Rb8 11. g4 a6 12. g5 Ne8 13. d4 b5 14. cxb5 axb5 15. d5 Na5
16. Qd2 Qb6 17. Kh1 b4 18. Ne4 Bxb2 19. Qxb2 c4 20. Nd4 Nc7 21. bxc4 Nxc4 22.
Qe2 Na3 23. f4 Nxd5 24. f5 Nb5 25. f6 e5 26. Nc2 Na3 27. Nxa3 bxa3 28. Rfe1 Be6
29. Rad1 Rbd8 30. Qf2 Kh8 31. Rd3 Nb4 32. Rxa3 d5 33. Nd2 Qc5 34. Nb3 Qc4 35.
Na5 Qg4 36. Rb1 Rb8 37. Rab3 Bf5 38. Rg1 Nd3 39. Qd2 Rxb3 40. Nxb3 Qxg5 41. Rf1
Be4 42. Bxe4 dxe4 43. Nc1 Rd8 44. Nxd3 exd3 45. Qa5 Rg8 46. Qa7 d2 47. Qxf7 Qf5
48. Qc4 d1=Q 49. Rxd1 Qf3+ 50. Kg1 Qxd1+ 51. Kf2 Qd6 52. f7 Rf8 53. Ke2 Kg7 0-1

[Event "Mistrzostwa Polski Juniorow do lat 16 - Chlopcy"]
[Site "Ustron – Jaszowiec"]
[Date "1899-12-30"]
[Round "5.5"]
[White "Godzwon, Iwo"]
[Black "Pacan-milej, Kosma"]
[Result "0-1"]
[WhiteTitle "k"]
[BlackTitle "FM"]
[WhiteElo "2022"]
[BlackElo "2303"]

1. e4 d6 2. d4 Nf6 3. Nc3 e5 4. Nf3 Nbd7 5. Bc4 Be7 6. a4 O-O 7. O-O a5 8. h3 b6
9. Re1 Bb7 10. Bg5 h6 11. Bxf6 Bxf6 12. Nd5 Re8 13. Nxf6+ Qxf6 14. d5 g6 15. Bb5
Qe7 16. Ra3 Rf8 17. Bxd7 Qxd7 18. Nh4 Kh7 19. Qf3 Qe7 20. Qg3 Qg5 21. Qxg5 hxg5
22. Nf3 Kh6 23. c4 f5 24. h4 gxh4 25. Nxh4 f4 26. Kf1 Bc8 27. Ke2 g5 28. Nf3 Bd7
29. Rh1+ Kg6 30. b3 Rh8 31. Raa1 g4 32. Nd2 Rac8 33. Rad1 Kf6 34. Nb1 Rcg8 35.
Nd2 Ke7 36. Rdg1 Kd8 37. Kd3 Kc8 38. Kc3 Kb7 39. Nb1 Be8 40. Nd2 Bg6 41. Rf1 Kc8
42. Kd3 Kd7 43. Re1 Bf7 44. Ref1 Ke7 45. Re1 Kf6 46. Ke2 Bg6 47. Reg1 Kg5 48.
Kd3 Bh5 49. Rf1 Rh6 50. Re1 Rgh8 51. Reg1 Bg6 52. Rxh6 Rxh6 53. Ke2 Be8 54. Kd3
Bd7 55. Ke2 Kf6 56. Kd3 Ke7 57. Ke2 Kd8 58. Nb1 Kc8 59. Nc3 Rh2 60. Nb5 Be8 61.
Nc3 Kb7 62. Nb5 Bg6 63. Kd3 Bh5 64. Na3 c6 65. Nc2 Kc7 66. Na3 Bg6 67. Nb1 Bf7
68. Nc3 Kb7 69. Nb1 Be8 70. Nc3 Bd7 71. Nb1 Kc8 72. Nc3 Kc7 73. Nb1 cxd5 74. cxd5
b5 75. Nc3 Kb6 76. Kc2 f3 77. gxf3 Rxf2+ 78. Kc1 Rxf3 79. Kd2 b4 80. Nb5 Bxb5
81. axb5 g3 0-1

[Event "Mistrzostwa Polski Juniorow do lat 16 - Chlopcy"]
[Site "Ustron – Jaszowiec"]
[Date "1899-12-30"]
[Round "5.6"]
[White "Kokoszczynski, Jan"]
[Black "Chylewski, Patryk"]
[Result "0-1"]
[WhiteTitle "k"]
[BlackTitle "k++"]
[WhiteElo "2072"]
[BlackElo "2293"]

1. e4 c5 2. Nf3 d6 3. d4 cxd4 4. Nxd4 Nf6 5. Nc3 a6 6. g3 Nc6 7. Bg2 Bg4 8. f3
Bd7 9. Be3 g6 10. O-O Bg7 11. Qd2 O-O 12. Rad1 Rc8 13. Nxc6 Bxc6 14. Ne2 b5 15.
Nd4 Bb7 16. Rfe1 Qc7 17. c3 e5 18. Nb3 d5 19. exd5 Nxd5 20. Bf2 Rfd8 21. Qe2 Ba8
22. Rd2 Nb6 23. Rxd8+ Rxd8 24. Nc5 Nc4 25. Rd1 Rxd1+ 26. Qxd1 Nxb2 27. Nxa6 Nxd1
28. Nxc7 Bc6 29. f4 e4 30. Be1 Nxc3 31. Bxc3 Bxc3 32. Kf1 Bb4 33. Ke2 Bd6 0-1

[Event "Mistrzostwa Polski Juniorow do lat 16 - Chlopcy"]
[Site "Ustron – Jaszowiec"]
[Date "1899-12-30"]
[Round "5.7"]
[White "Nowak, Mikolaj"]
[Black "Hrymowicz, Artur"]
[Result "0-1"]
[WhiteTitle "I++"]
[BlackTitle "I+"]
[WhiteElo "2240"]
[BlackElo "1982"]

1. d4 Nf6 2. c4 b6 3. Nc3 Bb7 4. Qc2 d5 5. cxd5 Nxd5 6. e4 Nxc3 7. bxc3 e5 8. Nf3
exd4 9. Bc4 Nc6 10. O-O Bc5 11. cxd4 Nxd4 12. Nxd4 Bxd4 13. Ba3 Qd7 14. Rad1 c5
15. Bd5 O-O 16. Rxd4 cxd4 17. Bxf8 Kxf8 18. Rd1 Rc8 19. Qd3 Bxd5 20. exd5 Qa4
21. g3 Rc3 22. Qxd4 Qxd4 23. Rxd4 Ke7 24. Rg4 g6 25. h4 Kd6 26. Re4 Rc7 27. Rd4
h5 28. Kg2 Rc5 29. Rf4 f5 30. Ra4 a5 31. Kf3 Kxd5 32. Ra3 Rc4 33. Rd3+ Kc5 34.
Re3 b5 35. Re6 Rg4 36. Kg2 f4 37. Re1 fxg3 38. f3 Rxh4 39. Kxg3 Rd4 40. Re5+ Rd5
41. Re6 g5 42. Rh6 h4+ 43. Kg4 b4 0-1

[Event "Mistrzostwa Polski Juniorow do lat 16 - Chlopcy"]
[Site "Ustron – Jaszowiec"]
[Date "1899-12-30"]
[Round "5.8"]
[White "Woloch, Oskar"]
[Black "Garbowski, Jakub"]
[Result "1-0"]
[WhiteTitle "k"]
[BlackTitle "k"]
[WhiteElo "2235"]
[BlackElo "2103"]

1. d4 Nf6 2. c4 g6 3. Nc3 d5 4. Bg5 Ne4 5. Bh4 Nxc3 6. bxc3 c5 7. e3 Bg7 8. cxd5
Qxd5 9. Nf3 cxd4 10. cxd4 Nc6 11. Be2 O-O 12. O-O Bf5 13. Qa4 Rac8 14. Rac1 Qd7
15. Bb5 Be4 16. Nd2 a6 17. Nxe4 axb5 18. Qd1 Ra8 19. Nc5 Qd5 20. Qb3 Qxb3 21.
axb3 Na5 22. Bxe7 Rfe8 23. Bh4 b6 24. Nd7 Nxb3 25. Rc6 Nd2 26. Rfc1 b4 27. R6c2
Ne4 28. Nxb6 Ra6 29. Nd5 b3 30. Rb2 Rb8 31. Rcb1 g5 32. f3 Nd6 33. Bg3 Rd8 34.
Rxb3 Nc4 35. Rb8 Ra8 36. Rxa8 Rxa8 37. Ne7+ Kf8 38. Nf5 Bf6 39. Rc1 Na5 40. Rc7
Rd8 41. Bd6+ Ke8 42. Be7 Bxe7 43. Rxe7+ Kf8 44. Rc7 Re8 45. e4 Nb3 46. d5 Na5
47. d6 h5 48. Nh6 1-0

[Event "Mistrzostwa Polski Juniorow do lat 16 - Chlopcy"]
[Site "Ustron – Jaszowiec"]
[Date "1899-12-30"]
[Round "5.9"]
[White "Raczynski, Krzysztof"]
[Black "Lukasiewicz, Krzysztof"]
[Result "1/2-1/2"]
[WhiteTitle "k"]
[BlackTitle "k"]
[WhiteElo "2116"]
[BlackElo "2123"]

1. e4 c6 2. d4 d5 3. Nc3 dxe4 4. Nxe4 Bf5 5. Ng3 Bg6 6. h4 h6 7. Nf3 Nd7 8. h5
Bh7 9. Bd3 Bxd3 10. Qxd3 e6 11. Bd2 Ngf6 12. O-O-O Be7 13. Ne4 Nxe4 14. Qxe4 Nf6
15. Qe2 Qd5 16. c4 Qe4 17. Qxe4 Nxe4 18. Be3 Nd6 19. b3 b5 20. c5 Ne4 21. Ne5
Rc8 22. Kc2 Nf6 23. a4 b4 24. a5 Nd5 25. Kd3 Bf6 26. Nc4 O-O 27. f4 Rfd8 28. g3
Nc3 29. Rd2 Nb5 30. Ne5 Bxe5 31. fxe5 a6 32. Kc4 Rb8 33. g4 Na3+ 34. Kd3 Rb5 35.
Ke4 Rxa5 36. g5 Nb5 37. gxh6 Nc3+ 38. Kf3 gxh6 39. Rg1+ Kh8 40. Bxh6 Kh7 41. Bg5
Rg8 42. Rdg2 Ra3 43. Bf6 Rxg2 44. Rxg2 Rxb3 45. Rg7+ Kh6 46. Rg8 Nd5+ 47. Kg4
Ne3+ 48. Kf4 Nd5+ 1/2-1/2

[Event "Mistrzostwa Polski Juniorow do lat 16 - Chlopcy"]
[Site "Ustron – Jaszowiec"]
[Date "1899-12-30"]
[Round "5.10"]
[White "Kozak, Antoni"]
[Black "Wyczling, Bartosz"]
[Result "1-0"]
[WhiteTitle "k"]
[BlackTitle "I+"]
[WhiteElo "2127"]
[BlackElo "1963"]

1. e4 c5 2. Nf3 g6 3. c3 Bg7 4. d4 cxd4 5. cxd4 d5 6. e5 Nc6 7. Bb5 e6 8. Bxc6+
bxc6 9. O-O Qc7 10. Nc3 Rb8 11. Na4 f5 12. b3 Nh6 13. Ba3 Nf7 14. Rc1 Bf8 15.
Bxf8 Kxf8 16. Rc3 Kg7 17. Qd2 Nd8 18. Nc5 Qe7 19. h4 h6 20. g3 Nf7 21. Kg2 Bd7
22. Nxd7 Qxd7 23. Rfc1 Rhc8 24. Ne1 Rb6 25. Rc5 g5 26. Nf3 g4 27. Ne1 Nd8 28.
Nd3 Nb7 29. R5c2 Qe7 30. b4 a5 31. bxa5 Rb5 32. a6 Nd8 33. Rb2 Rcb8 34. Rxb5 Rxb5
35. a4 Rb8 36. Nc5 Qc7 37. Rc2 Kg6 38. Rb2 Ra8 39. a5 Qa7 40. Rb6 1-0

[Event "Mistrzostwa Polski Juniorow do lat 16 - Chlopcy"]
[Site "Ustron – Jaszowiec"]
[Date "1899-12-30"]
[Round "5.11"]
[White "Pytel, Maciej"]
[Black "Fus, Jakub"]
[Result "0-1"]
[WhiteTitle "I"]
[BlackTitle "I++"]
[WhiteElo "1905"]
[BlackElo "2054"]

1. e4 e6 2. d4 d5 3. Nc3 Nf6 4. e5 Nfd7 5. Nf3 c5 6. dxc5 Nc6 7. Bf4 Nxc5 8. Bd3
Be7 9. O-O Bd7 10. Qe2 a6 11. a4 O-O 12. Bg3 Rc8 13. Rfb1 Qb6 14. Qd2 f5 15. Ne2
Ne4 16. Bxe4 fxe4 17. Nfd4 Bc5 18. c3 Nxd4 19. cxd4 Bb4 20. Qe3 Qa5 21. Qb3 Rc4
22. Bf4 Rfc8 23. Be3 Qc7 24. h3 Qc6 25. Rc1 a5 26. Nf4 Rc2 27. Rxc2 Qxc2 28. Qxc2
Rxc2 29. Rc1 Rxc1+ 30. Bxc1 Kf7 31. b3 b5 32. axb5 Bxb5 33. f3 Bd3 34. fxe4 Bxe4
35. Kf2 Bc2 36. Ke3 Bxb3 37. Nd3 Be7 38. Bb2 Ke8 39. Kd2 Kd7 40. Kc3 Bc4 41. Nf4
Bf1 42. Kd2 Bg5 43. Ke1 Bxf4 44. Kxf1 Kc6 45. Ke2 Kb5 46. Bc3 Bg5 47. Kd3 Be7
48. Kc2 Bb4 49. Bb2 Kc4 50. Ba1 a4 51. Bb2 a3 52. Ba1 Ba5 0-1

[Event "Mistrzostwa Polski Juniorow do lat 16 - Chlopcy"]
[Site "Ustron – Jaszowiec"]
[Date "1899-12-30"]
[Round "5.12"]
[White "Brozyna, Mateusz"]
[Black "Jarzebowski, Kacper"]
[Result "1-0"]
[WhiteTitle "I"]
[BlackTitle "I++"]
[WhiteElo "2009"]
[BlackElo "1820"]

1. e4 d6 2. d4 Nf6 3. Nc3 g6 4. Nf3 Bg7 5. Bc4 O-O 6. O-O c6 7. e5 Ne8 8. h3 d5
9. Bd3 Nd7 10. Re1 Nc7 11. Ne2 c5 12. c3 Ne6 13. Nf4 Nxf4 14. Bxf4 Qb6 15. Qd2
Nb8 16. Rac1 cxd4 17. cxd4 Nc6 18. Bb1 f6 19. Rcd1 a5 20. exf6 Bxf6 21. Ne5 e6
22. Bg3 Nxe5 23. dxe5 Be7 24. Re2 Bd7 25. Qh6 Rf7 26. Kh2 Raf8 27. f3 Bb5 28.
Red2 Bc5 29. Rc2 Be3 30. Qh4 Qa6 31. Rc3 d4 32. Rxd4 Bxd4 33. Qxd4 Rd7 34. Qg4
Qb6 35. Bc2 Kg7 36. Bh4 Rd2 37. Bf6+ Rxf6 38. exf6+ Kf7 39. Qf4 Rd7 40. Qh4 Kg8
41. Rc8+ Kf7 42. Qxh7+ Kxf6 43. Qxg6+ Ke7 44. Re8+ 1-0

[Event "Mistrzostwa Polski Juniorow do lat 16 - Chlopcy"]
[Site "Ustron – Jaszowiec"]
[Date "1899-12-30"]
[Round "5.13"]
[White "Dytman, Radoslaw"]
[Black "Sernecki, Franciszek"]
[Result "0-1"]
[WhiteTitle "I"]
[BlackTitle "I"]
[WhiteElo "1521"]
[BlackElo "2151"]

1. e4 c5 2. Nf3 d6 3. d4 cxd4 4. Nxd4 Nf6 5. Nc3 g6 6. Be3 Bg7 7. Be2 Nc6 8. O-O
O-O 9. f4 Qb6 10. Qd3 Ng4 11. Nd5 Bxd4 12. Nxb6 Bxe3+ 13. Qxe3 Nxe3 14. Nxa8 Nxf1
15. Kxf1 f5 16. e5 dxe5 17. fxe5 Nxe5 18. Nc7 Bd7 19. Nd5 Kf7 20. Re1 Bc6 21.
Nb4 Kf6 22. Rd1 Rc8 23. c3 Be4 24. Rd4 Nc6 25. Nxc6 Bxc6 26. Kf2 e5 27. Rd6+ Ke7
28. Rd3 Be4 29. Re3 Rd8 30. b4 Rd2 31. a4 b6 32. a5 bxa5 33. bxa5 Kf6 34. Ke1
Ra2 35. a6 Bxg2 36. Bb5 f4 37. Rd3 f3 38. Rd7 f2+ 39. Kd1 Bf3+ 40. Kc1 Be2 0-1

[Event "Mistrzostwa Polski Juniorow do lat 16 - Chlopcy"]
[Site "Ustron – Jaszowiec"]
[Date "1899-12-30"]
[Round "5.14"]
[White "Laszczak, Przemyslaw"]
[Black "Ochowicz, Jakub"]
[Result "0-1"]
[WhiteTitle "I+"]
[BlackTitle "I++"]
[WhiteElo "1944"]
[BlackElo "1874"]

1. d4 Nf6 2. c4 g6 3. Nc3 Bg7 4. e4 d6 5. f4 O-O 6. Nf3 Na6 7. Be2 e5 8. fxe5 dxe5
9. d5 Nc5 10. Qc2 Nfxe4 11. Nxe4 Bf5 12. Bd3 Bxe4 13. Bxe4 f5 14. Bxf5 Rxf5 15.
Be3 e4 16. Bxc5 exf3 17. O-O-O fxg2 18. Qxg2 Qh4 19. b3 a5 20. Qg3 Qxg3 21. hxg3
Rf3 22. Rde1 a4 23. b4 Rc3+ 24. Kd2 Rxc4 25. Re7 Rd8 26. Kd3 Rg4 27. Rxc7 Rxd5+
28. Kc2 Rd8 29. Rxb7 Rxg3 30. Rh2 Rc3+ 31. Kb2 a3+ 0-1

[Event "Mistrzostwa Polski Juniorow do lat 16 - Chlopcy"]
[Site "Ustron – Jaszowiec"]
[Date "1899-12-30"]
[Round "5.15"]
[White "Paliwoda, Borys"]
[Black "Polczyk, Mikolaj"]
[Result "1/2-1/2"]
[WhiteTitle "II+"]
[BlackTitle "I"]
[WhiteElo "1819"]
[BlackElo "1889"]

1. e4 d5 2. exd5 Nf6 3. Nf3 Qxd5 4. d4 Bg4 5. Be2 Nc6 6. c3 O-O-O 7. O-O e6 8.
h3 Bh5 9. Bf4 Bd6 10. Bxd6 Qxd6 11. Na3 Qf4 12. Nc4 Nd7 13. Qc2 Bg6 14. Qb3 Rhe8
15. Rfe1 Be4 16. Qb5 f6 17. Na5 Nb6 18. Nxc6 Bxc6 19. Qb3 e5 20. dxe5 fxe5 21.
Qc2 Rf8 22. Bd1 Rd6 23. Qe2 e4 24. Nd4 Bd7 25. Bc2 Bxh3 26. Bxe4 Bd7 27. Qf3 Qxf3
28. Bxf3 Rdf6 29. Re7 R8f7 30. Rae1 c6 31. Nb3 Kd8 32. Rxf7 Rxf7 33. Nc5 Bf5 34.
b3 h6 35. c4 Kc7 36. Ne6+ Kc8 37. Nc5 Kc7 38. Ne6+ Kc8 39. Nc5 Kc7 40. Ne6+ Kc8
1/2-1/2

[Event "Mistrzostwa Polski Juniorow do lat 16 - Chlopcy"]
[Site "Ustron – Jaszowiec"]
[Date "1899-12-30"]
[Round "5.16"]
[White "Tustanowski, Mateusz"]
[Black "Kukorowski, Jan"]
[Result "1/2-1/2"]
[WhiteTitle "I++"]
[BlackTitle "I"]
[WhiteElo "1880"]
[BlackElo "1709"]

1. e4 e6 2. d3 d5 3. Nd2 Nf6 4. Ngf3 b6 5. g3 Bb7 6. Qe2 c5 7. Bg2 Nc6 8. exd5
Nxd5 9. O-O Be7 10. Ne4 O-O 11. Re1 Qc7 12. c4 Nf6 13. Bf4 Qd7 14. Rad1 Rad8 15.
Ne5 Nd4 16. Qe3 Qc8 17. Qc1 Nxe4 18. dxe4 f6 19. Nf3 e5 20. Bd2 Rd6 21. Nxd4 exd4
22. Bf4 Rdd8 23. Rd3 Rfe8 24. Qd1 Qe6 25. b3 Ba8 26. Qh5 Bf8 27. Bc7 g6 28. Qh4
Rd7 29. Bh3 f5 30. Bf4 Qf7 31. e5 Bg7 32. g4 Be4 33. Rd2 Rde7 34. gxf5 Bxf5 35.
Bg2 Kh8 36. Qg3 h6 37. h4 Kh7 38. Rde2 Bc8 39. Be4 Bf5 40. Bd5 Be6 41. Be4 Bf8
42. Kh2 Bf5 43. Bd5 Be6 44. Bc6 Rc8 45. Be4 Bf5 46. Bf3 h5 47. Qg5 Rce8 48. Bc6
Rc8 49. Bd5 Be6 50. Be4 Bf5 51. Bf3 Rce8 52. Rg1 Bd3 53. Rd2 Bf5 54. Re1 Rc8 55.
Rde2 Rce8 56. Bc6 Rc8 57. Bd5 Be6 58. Be4 Bf5 59. Bd5 Be6 60. Be4 Bf5 61. Bxf5
Qxf5 62. Qxf5 gxf5 63. Rg1 Bh6 64. Bxh6 Kxh6 65. Rg5 Rf8 66. Kg3 d3 67. Rd2 Rxe5
68. Rxd3 f4+ 69. Kf3 Rxg5 70. hxg5+ Kxg5 71. Rd7 Rf6 72. Rxa7 h4 73. Rg7+ Kh5
74. Rh7+ Kg5 75. Rg7+ Kh5 76. Rh7+ 1/2-1/2

[Event "Mistrzostwa Polski Juniorow do lat 16 - Chlopcy"]
[Site "Ustron – Jaszowiec"]
[Date "1899-12-30"]
[Round "5.17"]
[White "Namyslak, Piotr"]
[Black "Wierzbicki, Michal"]
[Result "0-1"]
[WhiteTitle "I"]
[BlackTitle "I"]
[WhiteElo "1866"]
[BlackElo "1828"]

1. c4 Nf6 2. Nc3 e6 3. Nf3 d5 4. cxd5 exd5 5. d4 c6 6. Bf4 Bf5 7. Qb3 Qb6 8. Nd2
Nbd7 9. e3 Be7 10. f3 Bb4 11. a3 Bxc3 12. bxc3 O-O 13. g4 Bg6 14. h4 h5 15. g5
Nh7 16. c4 dxc4 17. Qxb6 Nxb6 18. Nxc4 Nd5 19. Bd6 Rfd8 20. e4 b5 21. exd5 bxc4
22. Bc5 cxd5 23. Rh2 a6 24. Rb2 Rdb8 25. Raa2 Nf8 26. Bxf8 Kxf8 27. Kd2 Bb1 28.
Rxb8+ Rxb8 29. Ra1 Ke7 30. Be2 Ke6 31. Bd1 Bd3 32. Kc3 Kf5 33. Bc2 Bxc2 34. Kxc2
Rb3 35. Re1 f6 36. Re7 Rxf3 37. Rxg7 Ke4 38. Rf7 f5 39. g6 Rg3 40. g7 f4 41. Kd2
f3 42. Kc3 f2+ 43. Kd2 Rxg7 44. Rxf2 Rg3 45. Rf6 Kxd4 46. Rxa6 c3+ 47. Kc2 Rg2+
0-1

[Event "Mistrzostwa Polski Juniorow do lat 16 - Chlopcy"]
[Site "Ustron – Jaszowiec"]
[Date "1899-12-30"]
[Round "5.18"]
[White "Posluszny, Tomasz"]
[Black "Marczak, Szymon"]
[Result "0-1"]
[WhiteTitle "I"]
[BlackTitle "I"]
[WhiteElo "1798"]
[BlackElo "1839"]

1. d4 d5 2. c4 dxc4 3. e4 Nc6 4. Nf3 Bg4 5. d5 Ne5 6. Bf4 Ng6 7. Be3 e5 8. Bxc4
Nf6 9. Nc3 Bd6 10. h3 Bd7 11. O-O a6 12. a4 O-O 13. Qc2 Nh5 14. Bd3 Ngf4 15. Bxf4
Nxf4 16. Ne2 Qf6 17. Nxf4 Qxf4 18. Qc1 Qf6 19. Nd2 Qg6 20. Kh1 f5 21. exf5 Bxf5
22. Bxf5 Qxf5 23. Qc4 b5 24. Qe4 Qd7 25. Qc2 Rab8 26. Ne4 bxa4 27. Qxa4 Qxa4 28.
Rxa4 Rxb2 29. Rxa6 Rd8 30. Rd1 Rb5 31. Nc3 Rc5 32. Ne4 Rb5 33. Nc3 Rb3 34. Rc6
Kf7 35. Ne4 h6 36. Nc5 Rb6 37. Ne6 Rd7 38. Rxb6 cxb6 39. Rd3 Bc5 40. Rf3+ Kg8
41. Nxc5 bxc5 42. Rd3 Kf7 43. Kh2 Ke7 44. Kg3 Kd6 45. Kf3 Rf7+ 46. Ke3 Rf4 47.
Ra3 Kxd5 48. Ra7 g5 49. Rd7+ Kc4 50. Re7 Kb3 51. Rxe5 c4 52. Rb5+ Kc2 53. g3 Rf6
54. f4 gxf4+ 55. gxf4 c3 56. Ke4 Rc6 57. Rd5 Kb2 58. Rb5+ Kc1 59. Ke5 c2 60. f5
Kd1 61. Rd5+ Ke1 0-1